| 000 | 01302nam a22003737a 4500 | ||
|---|---|---|---|
| 003 | CHAP | ||
| 005 | 20251015092527.0 | ||
| 008 | 971013s1991 r 00010 d | ||
| 010 | _a2040 | ||
| 011 | _a3012 | ||
| 035 | _a2212 | ||
| 040 | _cCHAP | ||
| 090 | _aTesis | ||
| 100 | 1 | 0 |
_aAyala Espinosa, José Alberto _98930 |
| 245 | _aEstudio de factibilidad técnico-económica y financiera para la instalación de un frigorífico para cebolla en la zona de Delicias, Chihuahua | ||
| 260 |
_aChapingo, Méx. : _bEl autor, _c1991 |
||
| 300 |
_a155 h. _b: ilus. |
||
| 500 | _aD44-71 | ||
| 502 | _aTesis (Ing. Agroindustrial) -- UACH. Departamento de Ingeniería Agroindustrial | ||
| 590 |
_aALEPH _b10 _c20130110 _lUCH01 _h1211 |
||
| 590 |
_aBATCH-UPD _b10 _c20130110 _lUCH01 _h0059 |
||
| 590 |
_aBATCH-UPD _b10 _c20130110 _lUCH01 _h1257 |
||
| 590 |
_aBATCH-UPD _b10 _c20130410 _lUCH01 _h0817 |
||
| 590 |
_aBATCH-UPD _b10 _c20130914 _lUCH01 _h0905 |
||
| 590 |
_aCONVERSION _b10 _c20130109 _lUCH01 _h1302 |
||
| 650 | 1 | 4 |
_aCebolla _xAlmacenamiento. _920750 |
| 650 | 1 | 4 |
_aCebolla _xChihuahua. _920756 |
| 650 | 1 | 4 |
_aFrigoríficos. _943317 |
| 650 | 1 | 4 |
_aProyectos industriales. _992531 |
| 700 | 1 |
_aGuzmán Cruz, Octavio _951939 |
|
| 901 | _aBK | ||
| 942 | _cTESIS | ||
| 949 |
_bBC _cTES _d-11711 _eTS1 _h24281 _i2212 _si |
||
| 999 |
_c2040 _d2040 |
||